000 00666nam a22002177a 4500
003 UA-OsUOA
001 94983
007 ta
008 20130220b un ||||| |||| 00| 0 ukr d
100 _aПриходько І.
090 _a82
_bП77
942 _cSA
040 _aUA-OsUOA
_bukr
_cUA-OsUOA
_dUA-OsUOA
245 _aРецептивно-естетичний аналіз малої прози О. Довженка
300 _aС.74-79
955 _a0
041 _aukr
080 _a82
773 0 _w94981
_tУкраїнська мова та література
_dК.
_d2013
_g2
650 7 _a82 Література. Літературознавство
_2UDC
999 _c381230
_d381230